| 000 | 01733nam a2200337 c 4500 | ||
|---|---|---|---|
| 003 | BLK | ||
| 005 | 20180421000344.0 | ||
| 008 | 180411b bul|||||r ||||||| ||bul|| | ||
| 010 | _aKNG00194787000 | ||
| 040 | _aBLK | ||
| 041 |
_aBUL _cBUL |
||
| 080 |
_aТехнология на металите. Металообработване. Общи въпроси _b621.7/.9 _x:621.375.826(035) _z621.7/.9:621.375.826(035) |
||
| 100 | 1 |
_aКоваленко, Владимир Сергеевич _eпърви автор _9343923 |
|
| 700 | 1 |
_aТерзиев, Огнян Т. _eпрев. от рус. _9343924 |
|
| 139 |
_aЛазерна обработка на материалите _bЛ 14 |
||
| 245 | 1 | 0 |
_aЛазерна обработка на материалите _bСправ. _cВладимир Сергеевич Коваленко; прев. от рус. Огнян Т. Терзиев. |
| 257 | _aRUS | ||
| 260 |
_аСофия _bТехника _c1988 _fЯмбол : Г. Димитров |
||
| 300 |
_a184 с. _bс табл., сх., диагр. _c22 см |
||
| 380 | _a62 | ||
| 500 | _aОриг. загл. Справочник по технологии лазерной обработки / В. С. Коваленко и др. - Други авт. : В. П. Котляров, Вл. П. Дятел, Л. Ф. Голофко, В. В. Романенко. - Без тир. - Библиогр. с. 178-182 | ||
| 650 | 4 |
_aМеталообработка - технология _9257255 |
|
| 650 | 4 |
_aЛазери _9160100 |
|
| 653 | _aматериали | ||
| 653 | _aлазери | ||
| 852 | _aЦб 156146 | ||
| 856 | 4 |
_qpdf _u |
|
| 856 | 4 |
_qpdf _u |
|
| 942 |
_cKNG _n0 |
||
| 944 |
_aCR _c31.10.2016 _kВаля_Йорданова |
||
| 944 |
_aED _c31.10.2016 _kВаля_Йорданова |
||
| 999 |
_c185793 _d185793 |
||